[Event "Plzen, FSB B"]
[Site "?"]
[Date "2004.??.??"]
[Round "7.2"]
[White "Benak, J."]
[Black "Havlikova, K."]
[Result "1/2-1/2"]
[WhiteElo "1730"]
[BlackElo "1620"]
[PlyCount "132"]
[EventDate "2004.??.??"]
[Source "ChessBase"]
[SourceDate "1996.11.15"]

1. d4 d5 2. Nf3 Nc6 3. Bf4 Bg4 4. Ne5 Nxe5 5. Bxe5 e6 6. Qd3 c6 7. Qg3 Qg5 8.
Nd2 Qg6 9. Qb3 b6 10. O-O-O f6 11. Qa4 Rc8 12. Qa6 Kd8 13. Bf4 Qf7 14. f3 Bh5
15. e4 g5 16. Bg3 Bh6 17. exd5 exd5 18. Bd3 Qd7 19. Rde1 Ne7 20. a4 Ra8 21. a5
Qc8 22. Bd6 Ng6 23. Qxc8+ Kxc8 24. Ba6+ Kd7 25. Ba3 f5 26. Rhg1 Rhe8 27. Kb1
Nf4 28. g3 Ne6 29. c3 Nc7 30. Bd3 Bg6 31. Rxe8 Rxe8 32. Rg2 Re6 33. Kc2 Ne8 34.
b4 Bf8 35. Bc1 Nc7 36. Nb3 Be7 37. Bd2 Bf6 38. Rg1 Re8 39. Ra1 Kd6 40. f4 g4
41. Rf1 h5 42. Rh1 Rh8 43. Be1 Ne6 44. h4 gxh3 45. Rxh3 Ke7 46. Kd2 h4 47. Ke3
hxg3 48. Rxg3 Kf7 49. Rf3 Bh5 50. Rh3 Bg4 51. Rxh8 Bxh8 52. Bg3 Ng7 53. axb6
axb6 54. Ba6 Nh5 55. Bh2 Ke6 56. Nd2 Bf6 57. c4 Bh4 58. Bb7 Kd6 59. Ba6 Bg3 60.
Bxg3 Nxg3 61. c5+ Kc7 62. cxb6+ Kxb6 63. Bd3 Ne4 64. Nb3 Bd1 65. Nc5 Bg4 66.
Ne6 Bh3 1/2-1/2

[Event "Plzen, FSB B"]
[Site "?"]
[Date "2004.??.??"]
[Round "7.3"]
[White "Zivec, J."]
[Black "Kubat, M."]
[Result "1/2-1/2"]
[WhiteElo "1527"]
[BlackElo "1746"]
[PlyCount "56"]
[EventDate "2004.??.??"]
[Source "ChessBase"]
[SourceDate "1996.11.15"]

1. c4 f5 2. d4 Nf6 3. Nc3 g6 4. f3 Bg7 5. e4 d6 6. Be3 O-O 7. Bd3 fxe4 8. Nxe4
Nc6 9. Ne2 e5 10. O-O exd4 11. Nxd4 Ne5 12. Nxf6+ Bxf6 13. Be4 c6 14. Qb3 Qc7
15. Qc2 Qf7 16. Rac1 Kh8 17. Qb3 Qc7 18. Rfd1 Re8 19. Rc2 Nd7 20. Qa3 Nc5 21.
Bf4 Nxe4 22. fxe4 Rxe4 23. Bxd6 Qg7 24. Nf3 Bf5 25. Rf2 b6 26. c5 Ree8 27. Rfd2
h6 28. Kf2 Bg4 1/2-1/2

[Event "Plzen, FSB B"]
[Site "?"]
[Date "2004.??.??"]
[Round "7.4"]
[White "Balhar, J."]
[Black "Pospisil, A."]
[Result "1-0"]
[WhiteElo "1000"]
[BlackElo "1737"]
[PlyCount "85"]
[EventDate "2004.??.??"]
[Source "ChessBase"]
[SourceDate "1996.11.15"]

1. Nf3 g6 2. c4 Bg7 3. d4 Nf6 4. Nc3 d5 5. Bf4 c6 6. e3 O-O 7. h3 Nbd7 8. Be2
Qa5 9. O-O dxc4 10. Bxc4 Nb6 11. Bb3 Nbd5 12. Nxd5 Nxd5 13. Be5 Rd8 14. e4 Nf6
15. Qc2 Nd7 16. Bxg7 Kxg7 17. Qc4 e6 18. Rac1 Qh5 19. Rfd1 Nb6 20. Qe2 Bd7 21.
Rc5 Qh6 22. Ne5 Be8 23. Rc3 Kg8 24. a4 Nd7 25. Nc4 Nf6 26. Rf3 Kg7 27. Ne5 Nd7
28. Nc4 Nf6 29. e5 Nd5 30. Nd6 Rd7 31. Bxd5 cxd5 32. Rc3 Qg5 33. b4 Qe7 34.
Rdc1 Kf8 35. b5 Rxd6 36. exd6 Qxd6 37. Qe5 Qxe5 38. dxe5 b6 39. Rc8 Rxc8 40.
Rxc8 Ke7 41. Rc7+ Bd7 42. Rxa7 d4 43. Kf1 1-0

[Event "Plzen, FSB B"]
[Site "?"]
[Date "2004.??.??"]
[Round "7.5"]
[White "Pokorny, J."]
[Black "Posmurny, O."]
[Result "1/2-1/2"]
[WhiteElo "1499"]
[BlackElo "1250"]
[PlyCount "68"]
[EventDate "2004.??.??"]
[Source "ChessBase"]
[SourceDate "1996.11.15"]

1. e4 e6 2. d4 d5 3. Nc3 Bb4 4. e5 c5 5. a3 cxd4 6. axb4 dxc3 7. bxc3 Qc7 8.
Nf3 Ne7 9. Bd3 Nd7 10. O-O Nxe5 11. Nxe5 Qxe5 12. Qg4 Ng6 13. Be3 Qxc3 14. Bd4
Qxb4 15. Rfb1 Qd6 16. Bxg7 Rg8 17. Bc3 Qf4 18. Qe2 Qg5 19. Bb5+ Kd8 20. Qf3 f5
21. Ba5+ Ke7 22. Qa3+ Kf7 23. Qc5 Ne7 24. Bf1 b6 25. Qc7 bxa5 26. Rb3 f4 27.
Rf3 e5 28. Re1 Kf6 29. h4 Qh5 30. Qd6+ Kg7 31. Qxe7+ Kh6 32. Rxe5 Qxf3 33. Qf6+
Rg6 34. Qf8+ Rg7 1/2-1/2

[Event "Plzen, FSB B"]
[Site "?"]
[Date "2004.??.??"]
[Round "7.6"]
[White "Jonas, V."]
[Black "Hrouza, M."]
[Result "1/2-1/2"]
[WhiteElo "1716"]
[BlackElo "1419"]
[PlyCount "52"]
[EventDate "2004.??.??"]
[Source "ChessBase"]
[SourceDate "1996.11.15"]

1. e4 e5 2. Nf3 Nc6 3. d4 exd4 4. c3 d3 5. Bxd3 Bc5 6. O-O d6 7. h3 Be6 8. Re1
f6 9. Bf4 Nge7 10. Nbd2 Ng6 11. Bg3 O-O 12. Nb3 Bb6 13. Qc2 Nge5 14. Nxe5 fxe5
15. Qd2 Qf6 16. Rad1 a5 17. Qe2 Kh8 18. Rf1 Qg6 19. Kh2 Qh6 20. Bc4 Bf7 21.
Bxf7 Rxf7 22. Nd2 Raf8 23. Nf3 Nd8 24. Qd2 Qxd2 25. Rxd2 Ne6 26. a3 a4 1/2-1/2

[Event "Plzen, FSB B"]
[Site "?"]
[Date "2004.??.??"]
[Round "7.7"]
[White "Rehak, J."]
[Black "Oresky, J."]
[Result "0-1"]
[WhiteElo "1545"]
[BlackElo "1582"]
[PlyCount "30"]
[EventDate "2004.??.??"]
[Source "ChessBase"]
[SourceDate "1996.11.15"]

1. Nc3 c5 2. g3 d6 3. Bg2 Nc6 4. d3 g6 5. e4 Bg7 6. f4 e6 7. Nge2 Nge7 8. Be3
O-O 9. Qd2 a6 10. h4 h5 11. g4 hxg4 12. O-O-O f5 13. Ng3 Qa5 14. h5 Nb4 15. h6
Nxa2+ 0-1

[Event "Plzen, FSB B"]
[Site "?"]
[Date "2004.??.??"]
[Round "7.8"]
[White "Cisler, M."]
[Black "Sulista, D."]
[Result "1-0"]
[WhiteElo "1485"]
[BlackElo "1494"]
[PlyCount "109"]
[EventDate "2004.??.??"]
[Source "ChessBase"]
[SourceDate "1996.11.15"]

1. e4 e5 2. Nf3 Nc6 3. Bb5 a6 4. Ba4 Nf6 5. O-O d6 6. Re1 Bd7 7. c3 b5 8. Bc2
Be7 9. d4 O-O 10. Be3 Re8 11. a3 Bf8 12. Nbd2 Bg4 13. Bd3 d5 14. exd5 Nxd5 15.
Qc2 h6 16. h3 Bxf3 17. Nxf3 Nxe3 18. fxe3 exd4 19. exd4 Rb8 20. Rxe8 Qxe8 21.
Re1 Qd7 22. Bf5 Qd6 23. Qd3 a5 24. Kh1 g6 25. Be4 Bg7 26. Bxc6 Qxc6 27. Ne5 Qd6
28. Qf3 Bxe5 29. Rxe5 c6 30. Qf4 Kg7 31. Qd2 Rd8 32. Qe3 b4 33. Rxa5 bxc3 34.
bxc3 Kh7 35. Qe5 Qd7 36. Qf4 Re8 37. Re5 Ra8 38. Qf6 Kg8 39. Re7 Qd5 40. Rc7
Rf8 41. Qxc6 Qf5 42. Qd6 Qb1+ 43. Kh2 Qa2 44. Rd7 Qb3 45. Rd8 Rxd8 46. Qxd8+
Kg7 47. Qa5 Qc2 48. a4 Qc1 49. Qe5+ Kg8 50. Qc7 g5 51. a5 Qf1 52. d5 Qe2 53. a6
Qxa6 54. d6 Qe2 55. d7 1-0

[Event "Plzen, FSB B"]
[Site "?"]
[Date "2004.??.??"]
[Round "7.9"]
[White "Iwanow, A."]
[Black "Drazsky, R."]
[Result "1-0"]
[WhiteElo "1800"]
[BlackElo "1250"]
[PlyCount "37"]
[EventDate "2004.??.??"]
[Source "ChessBase"]
[SourceDate "1996.11.15"]

1. e4 e5 2. Nf3 Nc6 3. Bc4 Nf6 4. Ng5 d5 5. exd5 Na5 6. Bb5+ Bd7 7. Qe2 Bd6 8.
Nc3 Nxd5 9. Bxd7+ Qxd7 10. Nxd5 Qc6 11. Qf3 O-O 12. Nc3 f6 13. Nge4 Rad8 14.
O-O Bb4 15. a3 Bxc3 16. Nxc3 Qxf3 17. gxf3 Nc6 18. Ne2 g5 19. d3 {52 tahu} 1-0

[Event "Plzen, FSB B"]
[Site "?"]
[Date "2004.??.??"]
[Round "7.10"]
[White "Bauer, T."]
[Black "Reitinger, J."]
[Result "0-1"]
[WhiteElo "1395"]
[BlackElo "1707"]
[PlyCount "58"]
[EventDate "2004.??.??"]
[Source "ChessBase"]
[SourceDate "1996.11.15"]

1. d4 d5 2. Nc3 Nf6 3. e4 e6 4. Bg5 Bb4 5. e5 h6 6. exf6 hxg5 7. fxg7 Rg8 8.
Qh5 Qf6 9. Nf3 Qxg7 10. Be2 Nd7 11. O-O Nf6 12. Qxg5 Qxg5 13. Nxg5 Rxg5 14. f4
Rg8 15. Nb5 Kd8 16. c3 Be7 17. c4 c5 18. dxc5 Bxc5+ 19. Kh1 Bd7 20. cxd5 Nxd5
21. Nc3 Ne3 22. Bf3 Nxf1 23. Rxf1 Bc6 24. Bxc6 bxc6 25. Ne4 Bb6 26. h4 Ke7 27.
Rf3 Rg4 28. g3 Rd8 29. h5 Rh8 0-1

[Event "Plzen, FSB B"]
[Site "?"]
[Date "2004.??.??"]
[Round "7.11"]
[White "Konig, M."]
[Black "Chlad, L."]
[Result "1/2-1/2"]
[WhiteElo "1274"]
[BlackElo "1544"]
[PlyCount "120"]
[EventDate "2004.??.??"]
[Source "ChessBase"]
[SourceDate "1996.11.15"]

1. e4 c5 2. d4 cxd4 3. c3 d5 4. exd5 Qxd5 5. cxd4 Nc6 6. Nf3 Bg4 7. Nc3 Qd8 8.
Bb5 a6 9. Ba4 b5 10. Bb3 e6 11. Be3 Nf6 12. O-O Be7 13. Rc1 Rc8 14. Ne2 Bxf3
15. gxf3 O-O 16. Kh1 Re8 17. Rg1 Bf8 18. Qd2 g6 19. Bh6 Qe7 20. Rc2 Red8 21.
Bxf8 Qxf8 22. Qg5 Qe7 23. Rgc1 Nd5 24. Qxe7 Ndxe7 25. Kg2 Rd6 26. d5 exd5 27.
a3 Rcd8 28. Rd1 d4 29. Rcd2 Nf5 30. Bc2 Nce7 31. f4 Kg7 32. Ng3 h6 33. Kf1 h5
34. Ne4 Re6 35. Nc5 Rc6 36. b4 Kf6 37. Be4 Rb6 38. Bb7 Kg7 39. Bxa6 Rd5 40. Rd3
Rxc5 41. bxc5 Rxa6 42. Rc1 Rc6 43. Rb3 Nd5 44. Rxb5 Nxf4 45. Rb6 Rc8 46. c6 Nd5
47. Rb7 Nc3 48. c7 Kf6 49. a4 Ke6 50. a5 Kd6 51. a6 Kc6 52. Ra1 Nd6 53. Rb8
Kxc7 54. Rxc8+ Nxc8 55. a7 Nb6 56. a8=Q Nxa8 57. Rxa8 Nb5 58. Rf8 Nd6 59. Ke2
Kc6 60. Kd3 Kd5 1/2-1/2

[Event "Plzen, FSB B"]
[Site "?"]
[Date "2004.??.??"]
[Round "7.12"]
[White "Karbusicky, O."]
[Black "Krlis, J."]
[Result "1/2-1/2"]
[WhiteElo "1258"]
[BlackElo "1519"]
[PlyCount "141"]
[EventDate "2004.??.??"]
[Source "ChessBase"]
[SourceDate "1996.11.15"]

1. e4 d5 2. exd5 Nf6 3. Nf3 Nxd5 4. Bc4 Nb6 5. Bb3 Bg4 6. Nc3 e6 7. h3 Bh5 8.
d3 Bb4 9. Bd2 Nc6 10. a3 Bd6 11. Nb5 Be7 12. Bf4 Bd6 13. Nxd6+ cxd6 14. c3 Qe7
15. O-O O-O 16. Re1 Rad8 17. d4 Qf6 18. Bg5 Qxg5 19. Nxg5 Bxd1 20. Raxd1 h6 21.
Nf3 Na5 22. Bc2 d5 23. Ne5 Nac4 24. Nxc4 Nxc4 25. Re2 Rd6 26. Bd3 Na5 27. b4
Nc6 28. f4 Re8 29. Rde1 Kf8 30. f5 Re7 31. fxe6 Rdxe6 32. Rxe6 Rxe6 33. Rf1 Re3
34. Bg6 f6 35. Rc1 Ne7 36. Kf2 Re6 37. Bd3 Nc8 38. c4 Nb6 39. Bf5 Rc6 40. c5
Nc8 41. Re1 Ne7 42. b5 Rc7 43. Bd3 Nc8 44. Bg6 Ne7 45. Bh5 g6 46. Bf3 Rd7 47.
Re6 Kf7 48. Re1 Rc7 49. a4 Rc8 50. a5 Rb8 51. c6 bxc6 52. bxc6 Kf8 53. Rc1 Rc8
54. c7 Ke8 55. Rc5 Kd7 56. Bxd5 Nxd5 57. Rxd5+ Kxc7 58. Rc5+ Kd7 59. Rxc8 Kxc8
60. Ke3 Kd7 61. Ke4 Kd6 62. d5 f5+ 63. Kd4 g5 64. g3 h5 65. h4 gxh4 66. gxh4 a6
67. Kc4 f4 68. Kd4 f3 69. Ke3 Kxd5 70. Kxf3 Ke5 71. Kg3 1/2-1/2

[Event "Plzen, FSB B"]
[Site "?"]
[Date "2004.??.??"]
[Round "7.13"]
[White "Kracikova, K."]
[Black "Kuca, T."]
[Result "0-1"]
[WhiteElo "1374"]
[BlackElo "1250"]
[PlyCount "110"]
[EventDate "2004.??.??"]
[Source "ChessBase"]
[SourceDate "1996.11.15"]

1. g3 e5 2. Bg2 d5 3. b3 Nf6 4. Bb2 Nc6 5. e3 Bd6 6. Ne2 O-O 7. d3 Re8 8. Nd2
Bc5 9. e4 dxe4 10. Nxe4 Nxe4 11. Bxe4 Nd4 12. Qd2 c6 13. c3 Nxe2 14. Qxe2 Qf6
15. O-O-O Be6 16. Rhf1 Bd5 17. Qg4 Rad8 18. f4 Bxe4 19. dxe4 Qe7 20. fxe5 Ba3
21. Bxa3 Qxa3+ 22. Kb1 Qe7 23. Qf5 g6 24. Qf6 Rxd1+ 25. Rxd1 Qxe5 26. Qxe5 Rxe5
27. Re1 f5 28. Kc2 Rxe4 29. Rxe4 fxe4 30. Kd2 Kf7 31. Ke3 Kf6 32. Kxe4 Ke6 33.
h3 h6 34. a3 b6 35. g4 a6 36. c4 g5 37. Kf3 Kf6 38. Kg3 Kg6 39. h4 Kf6 40.
hxg5+ hxg5 41. Kf3 Ke5 42. Ke3 c5 43. a4 a5 44. Kf3 Kd4 45. Ke2 Kc3 46. Ke3
Kxb3 47. Ke4 Kxa4 48. Kf5 Kb4 49. Kxg5 a4 50. Kf6 a3 51. g5 a2 52. g6 a1=Q+ 53.
Kf7 Kxc4 54. g7 Qxg7+ 55. Kxg7 b5 0-1

[Event "Plzen, FSB B"]
[Site "?"]
[Date "2004.??.??"]
[Round "7.14"]
[White "Valek, T."]
[Black "Steinhauserova, A."]
[Result "1-0"]
[WhiteElo "1250"]
[BlackElo "1100"]
[PlyCount "59"]
[EventDate "2004.??.??"]
[Source "ChessBase"]
[SourceDate "1996.11.15"]

1. d4 Nf6 2. Nc3 g6 3. Bf4 Bg7 4. Qd2 O-O 5. Bh6 d6 6. O-O-O Nc6 7. f3 Bd7 8.
Bxg7 Kxg7 9. g4 a5 10. h4 e5 11. dxe5 Nxe5 12. h5 Qe7 13. hxg6 fxg6 14. Qh6+
Kf7 15. Nd5 Nxd5 16. Qxh7+ Ke8 17. Rxd5 Qxh7 18. Rxh7 Be6 19. Rb5 Rf7 20. Rxf7
Bxf7 21. Rxb7 c6 22. Nh3 Bc4 23. Rc7 c5 24. b3 Ba6 25. Rg7 Kf8 26. Rh7 Kg8 27.
Ng5 Nc6 28. Rd7 Nd4 29. Rxd6 Nxe2+ 30. Kd2 1-0

[Event "Plzen, FSB B"]
[Site "?"]
[Date "2004.??.??"]
[Round "7.15"]
[White "Chmelar, O."]
[Black "Krizek, M."]
[Result "0-1"]
[WhiteElo "1000"]
[BlackElo "1100"]
[PlyCount "82"]
[EventDate "2004.??.??"]
[Source "ChessBase"]
[SourceDate "1996.11.15"]

1. e4 c5 2. Nc3 d6 3. Bb5+ Bd7 4. Bxd7+ Nxd7 5. Nf3 Ngf6 6. d3 g6 7. Bg5 Bg7 8.
O-O O-O 9. Nd5 Nxd5 10. exd5 Bxb2 11. Rb1 Bg7 12. Rxb7 Re8 13. Qd2 Nb6 14. Re1
f6 15. Bh6 Nxd5 16. Bxg7 Kxg7 17. Rb2 Rb8 18. c4 Rxb2 19. Qxb2 Nb4 20. Rd1 e5
21. a3 Nxd3 22. Rxd3 e4 23. Rd1 exf3 24. gxf3 Qd7 25. Kg2 Re5 26. Qb5 Rg5+ 27.
Kf1 Qh3+ 28. Ke2 Re5+ 29. Kd2 Qxf3 30. Qa5 Re2+ 31. Kc1 Qf4+ 32. Rd2 Re1+ 33.
Kc2 Qe4+ 34. Rd3 Re2+ 35. Qd2 Rxd2+ 36. Kxd2 Qxc4 37. Rc3 Qd4+ 38. Rd3 Qxf2+
39. Kc3 Qxh2 40. Rd2 Qe5+ 41. Kc2 f5 0-1

[Event "Plzen, FSB B"]
[Site "?"]
[Date "2004.??.??"]
[Round "7.16"]
[White "Lorenc, D."]
[Black "Simlova, J."]
[Result "0-1"]
[WhiteElo "1100"]
[BlackElo "1508"]
[PlyCount "32"]
[EventDate "2004.??.??"]
[Source "ChessBase"]
[SourceDate "1996.11.15"]

1. e4 e6 2. d4 d5 3. e5 c5 4. Nf3 Nc6 5. Bb5 Qa5+ 6. Nc3 Bd7 7. O-O cxd4 8.
Nxd4 Nxe5 9. Bxd7+ Nxd7 10. Qd3 Ngf6 11. Qb5 Bb4 12. Qxb7 Rb8 13. Qc6 O-O 14.
Bd2 Rfc8 15. Qa4 Qxa4 16. Nxa4 Bxd2 {39 tahu} 0-1

[Event "Plzen, FSB B"]
[Site "?"]
[Date "2004.??.??"]
[Round "7.17"]
[White "Vachal, P."]
[Black "Uzel, J."]
[Result "0-1"]
[WhiteElo "1100"]
[BlackElo "1408"]
[PlyCount "46"]
[EventDate "2004.??.??"]
[Source "ChessBase"]
[SourceDate "1996.11.15"]

1. e4 c5 2. Nc3 e6 3. Nf3 g6 4. Bc4 Bg7 5. O-O Ne7 6. d4 cxd4 7. Nxd4 O-O 8.
Be3 Qc7 9. Bb3 Nbc6 10. Ndb5 Qa5 11. Qd2 Bxc3 12. Nxc3 Rd8 13. Bg5 Kg7 14. Bh6+
Kg8 15. Qf4 Qe5 16. Qh4 Qh5 17. Qf4 f6 18. g4 Qe5 19. Qxe5 Nxe5 20. Rad1 N7c6
21. a4 g5 22. f4 Nxg4 23. Rf3 Nxh6 {40 tahu} 0-1

[Event "Plzen, FSB B"]
[Site "?"]
[Date "2004.??.??"]
[Round "7.18"]
[White "Siml, O."]
[Black "Nebehaj, O."]
[Result "0-1"]
[WhiteElo "1100"]
[BlackElo "1250"]
[PlyCount "66"]
[EventDate "2004.??.??"]
[Source "ChessBase"]
[SourceDate "1996.11.15"]

1. e4 e5 2. Nf3 Nc6 3. Bc4 Bc5 4. c3 Nf6 5. d4 exd4 6. cxd4 Bb4+ 7. Nc3 Bxc3+
8. bxc3 d5 9. exd5 Nxd5 10. Bxd5 Qxd5 11. Qe2+ Qe6 12. Qxe6+ Bxe6 13. O-O O-O
14. Ba3 Rfe8 15. Rad1 Bxa2 16. d5 Bc4 17. dxc6 Bxf1 18. Kxf1 bxc6 19. Nd4 Rad8
20. Rb1 Rd5 21. Nxc6 Rd3 22. Rc1 a6 23. Nb4 Rd6 24. f3 a5 25. Na2 Rd2 26. Ra1
Ree2 27. Nc1 Rxg2 28. Bc5 Rxh2 29. Bf2 Rhxf2+ 30. Ke1 Rh2 31. Rb1 Rde2+ 32. Kd1
Rb2 33. Ra1 Rh1# 0-1

[Event "Plzen, FSB B"]
[Site "?"]
[Date "2004.??.??"]
[Round "7.19"]
[White "Steinhauser, V."]
[Black "Simecek, J."]
[Result "0-1"]
[WhiteElo "1100"]
[BlackElo "1100"]
[PlyCount "50"]
[EventDate "2004.??.??"]
[Source "ChessBase"]
[SourceDate "1996.11.15"]

1. e4 e5 2. Nc3 Nf6 3. f4 Nc6 4. fxe5 Nxe5 5. d4 Nc6 6. d5 Ne5 7. Bf4 Ng6 8.
Bg3 Bb4 9. d6 O-O 10. Nf3 Nxe4 11. Bh4 f6 12. Bc4+ Kh8 13. O-O Nxc3 14. bxc3
Bxc3 15. Rb1 Nxh4 16. Nxh4 Be5 17. Qg4 Qe8 18. Qf3 Bxd6 19. Bd3 Qf7 20. Qg4 b6
21. Nf5 g6 22. Bc4 Qe8 23. Ne3 Qxe3+ 24. Kh1 Qe5 25. Rbe1 Qxh2# 0-1

[Event "Plzen, FSB B"]
[Site "?"]
[Date "2004.??.??"]
[Round "8.1"]
[White "Havlikova, K."]
[Black "Palkova, K."]
[Result "0-1"]
[WhiteElo "1620"]
[BlackElo "1713"]
[PlyCount "92"]
[EventDate "2004.??.??"]
[Source "ChessBase"]
[SourceDate "1996.11.15"]

1. e4 d6 2. d4 Nf6 3. Nc3 c6 4. f3 g6 5. Bd3 Bg7 6. Nge2 Qb6 7. b3 Nbd7 8. Na4
Qc7 9. O-O e5 10. c3 O-O 11. Be3 Nh5 12. f4 b5 13. Nb2 a6 14. Qd2 Re8 15. f5
exd4 16. cxd4 Ndf6 17. fxg6 fxg6 18. Nc3 b4 19. Nca4 Rb8 20. Qc2 Ng4 21. Qe2 d5
22. g3 Nxg3 23. Qf3 Nxf1 24. Bf4 Bxd4+ 25. Kh1 Be5 26. Rxf1 Bxf4 27. Qxf4 Qxf4
28. Rxf4 dxe4 29. Bc4+ Kh8 30. Nc5 e3 31. Nbd3 a5 32. h3 Nh6 33. Kg2 Bf5 34.
Na6 Rbd8 35. Nac5 Bxd3 36. Nxd3 Nf5 37. Bf7 Re7 38. Bc4 e2 39. Ne1 Ne3+ 40. Kf2
Nxc4 41. bxc4 Kg7 42. Nf3 Rd3 43. Ne1 Rxh3 44. Rf3 Rxf3+ 45. Nxf3 Re4 46. c5
Rc4 {58 tahu} 0-1

[Event "Plzen, FSB B"]
[Site "?"]
[Date "2004.??.??"]
[Round "8.2"]
[White "Kubat, M."]
[Black "Havlik, J."]
[Result "1-0"]
[WhiteElo "1746"]
[BlackElo "1775"]
[PlyCount "57"]
[EventDate "2004.??.??"]
[Source "ChessBase"]
[SourceDate "1996.11.15"]

1. f4 e5 2. e4 exf4 3. Nf3 Be7 4. Bc4 Bh4+ 5. Kf1 Bf6 6. Nc3 d6 7. h3 Be6 8.
Qe2 Nc6 9. Nd5 Ne5 10. Bb3 Nxf3 11. Qxf3 Be5 12. Nxf4 Bxb3 13. axb3 Nf6 14. Ne2
d5 15. Qf5 Nd7 16. d4 g6 17. Qf3 Bg7 18. exd5 O-O 19. g3 Nf6 20. c4 Nh5 21. Kg2
a6 22. Rf1 Qd6 23. Bg5 Rae8 24. Rae1 h6 25. Bd2 Qd7 26. Bb4 b5 27. Bxf8 Rxf8
28. Nf4 Bxd4 29. Ne6 1-0

[Event "Plzen, FSB B"]
[Site "?"]
[Date "2004.??.??"]
[Round "8.3"]
[White "Oresky, J."]
[Black "Balhar, J."]
[Result "1/2-1/2"]
[WhiteElo "1582"]
[BlackElo "1000"]
[PlyCount "53"]
[EventDate "2004.??.??"]
[Source "ChessBase"]
[SourceDate "1996.11.15"]

1. e4 c5 2. Nf3 d6 3. d4 cxd4 4. Nxd4 Nf6 5. Nc3 a6 6. Be3 e6 7. Be2 Be7 8. O-O
O-O 9. f4 Qc7 10. Bf3 Nc6 11. Nb3 b5 12. a3 Bb7 13. g4 Rad8 14. g5 Nd7 15. h4
Nb6 16. Qe2 Nc4 17. Rab1 Nxe3 18. Qxe3 Na5 19. Nxa5 Qxa5 20. Kh1 Qc7 21. Rbd1
Qc5 22. Rfe1 Qxe3 23. Rxe3 Rd7 24. f5 Rc7 25. Red3 Rc4 26. Rd4 Rxd4 27. Rxd4
1/2-1/2

[Event "Plzen, FSB B"]
[Site "?"]
[Date "2004.??.??"]
[Round "8.4"]
[White "Posmurny, O."]
[Black "Benak, J."]
[Result "0-1"]
[WhiteElo "1250"]
[BlackElo "1730"]
[PlyCount "46"]
[EventDate "2004.??.??"]
[Source "ChessBase"]
[SourceDate "1996.11.15"]

1. c3 b6 2. d4 Bb7 3. Nf3 d6 4. Bg5 g6 5. Nbd2 Bg7 6. e4 Nf6 7. Bd3 O-O 8. Qe2
Qe8 9. e5 dxe5 10. dxe5 Nd5 11. O-O-O h6 12. Be3 Qa4 13. Kb1 c5 14. Bc2 Qd7 15.
Nh4 Ba6 16. Qf3 e6 17. Qg3 Qb5 18. c4 Nc3+ 19. Ka1 Qa5 20. bxc3 Qxc3+ 21. Kb1
Bxe5 22. Bd4 Qxd4 23. Qb3 Qa1# 0-1

[Event "Plzen, FSB B"]
[Site "?"]
[Date "2004.??.??"]
[Round "8.5"]
[White "Pokorny, J."]
[Black "Zivec, J."]
[Result "0-1"]
[WhiteElo "1499"]
[BlackElo "1527"]
[PlyCount "38"]
[EventDate "2004.??.??"]
[Source "ChessBase"]
[SourceDate "1996.11.15"]

1. e4 e5 2. d4 exd4 3. Bc4 Nf6 4. Nf3 Nxe4 5. Qxd4 Nf6 6. Bg5 Be7 7. Nc3 Nc6 8.
Qh4 O-O 9. O-O-O d6 10. Rhe1 Bf5 11. Re2 Qd7 12. Rde1 Rae8 13. Bb5 Bd8 14. Nd4
Bg6 15. Nxc6 bxc6 16. Ba4 h6 17. Be3 Ne4 18. Qf4 Nxc3 19. bxc3 Re4 0-1

[Event "Plzen, FSB B"]
[Site "?"]
[Date "2004.??.??"]
[Round "8.6"]
[White "Pospisil, A."]
[Black "Cisler, M."]
[Result "1-0"]
[WhiteElo "1737"]
[BlackElo "1485"]
[PlyCount "51"]
[EventDate "2004.??.??"]
[Source "ChessBase"]
[SourceDate "1996.11.15"]

1. d4 Nf6 2. c4 g6 3. Nc3 Bg7 4. e4 d6 5. f3 O-O 6. Be3 Re8 7. Qd2 Nc6 8. g4 e5
9. d5 Nd4 10. O-O-O c5 11. h4 h5 12. gxh5 Nxh5 13. Bg2 Bd7 14. Nge2 Nxe2+ 15.
Nxe2 b5 16. Bh3 Bxh3 17. Rxh3 bxc4 18. Rdh1 Kf8 19. Ng3 Ke7 20. Nxh5 gxh5 21.
Rg3 Bf6 22. Bg5 Kd7 23. Qc3 Be7 24. Qxc4 Qa5 25. Bd2 Qb6 26. Qa4+ 1-0

[Event "Plzen, FSB B"]
[Site "?"]
[Date "2004.??.??"]
[Round "8.7"]
[White "Reitinger, J."]
[Black "Iwanow, A."]
[Result "1-0"]
[WhiteElo "1707"]
[BlackElo "1800"]
[PlyCount "119"]
[EventDate "2004.??.??"]
[Source "ChessBase"]
[SourceDate "1996.11.15"]

1. e4 e5 2. Nf3 Nc6 3. Bb5 f5 4. O-O Nf6 5. Bxc6 dxc6 6. d3 Bd6 7. Nc3 O-O 8.
exf5 Bxf5 9. Bg5 Qe8 10. Re1 Nd7 11. Ne4 Bg4 12. Re3 Qf7 13. h3 Bh5 14. g4 Bg6
15. Kg2 h5 16. Qe2 Rae8 17. Nh4 Bxe4+ 18. dxe4 hxg4 19. hxg4 Qe6 20. Rh3 Bc5
21. f3 Be7 22. Bxe7 Rxe7 23. Rah1 Kf7 24. Nf5 Ke8 25. Nxe7 Qxe7 26. Rh8 Qf7 27.
Rxf8+ Nxf8 28. b3 Ng6 29. Qe3 Nf4+ 30. Kf2 Qd7 31. Kg3 a6 32. c4 b6 33. b4 Kd8
34. a4 Kc8 35. a5 Kb7 36. Rb1 Qe8 37. Rh1 Qf8 38. axb6 cxb6 39. c5 b5 40. Qd2
Qf7 41. Rd1 g6 42. Qd8 Ne2+ 43. Kf2 Nd4 44. Qb6+ Kc8 45. Qxa6+ Kd8 46. Qa8+ Ke7
47. Qb7+ Kf8 48. Qb8+ Ke7 49. Qxe5+ Ne6 50. Qd6+ Kf6 51. Qxc6 Qh7 52. Kg2 Qa7
53. Rd6 Qa2+ 54. Kg3 Qb3 55. Rxe6+ Qxe6 56. Qxe6+ Kxe6 57. f4 Kf6 58. f5 gxf5
59. gxf5 Kg5 60. c6 1-0

[Event "Plzen, FSB B"]
[Site "?"]
[Date "2004.??.??"]
[Round "8.8"]
[White "Kuca, T."]
[Black "Jonas, V."]
[Result "0-1"]
[WhiteElo "1250"]
[BlackElo "1716"]
[PlyCount "61"]
[EventDate "2004.??.??"]
[Source "ChessBase"]
[SourceDate "1996.11.15"]

1. e4 e5 2. Nf3 Nc6 3. Bb5 f5 4. exf5 e4 5. Ng1 Nf6 6. d3 exd3 7. Qxd3 Be7 8.
Bxc6 bxc6 9. Nf3 d5 10. O-O Ne4 11. Nc3 Nc5 12. Qe2 Ba6 13. Qd1 Bxf1 14. Qxf1
O-O 15. Ne2 Rxf5 16. Ned4 Rf6 17. Bg5 Rg6 18. Bxe7 Qxe7 19. Re1 Qf6 20. Ne5 Rg5
21. Nexc6 Rg4 22. Re2 Rxd4 23. Nxd4 Qxd4 24. Qe1 Ne4 25. Re3 Rb8 26. f3 Nd6 27.
Qc3 Qxc3 28. Rxc3 Rb7 29. Kf2 Ne4+ 30. Ke2 Nxc3+ 31. bxc3 0-1

[Event "Plzen, FSB B"]
[Site "?"]
[Date "2004.??.??"]
[Round "8.9"]
[White "Hrouza, M."]
[Black "Rehak, J."]
[Result "0-1"]
[WhiteElo "1419"]
[BlackElo "1545"]
[PlyCount "80"]
[EventDate "2004.??.??"]
[Source "ChessBase"]
[SourceDate "1996.11.15"]

1. e4 d6 2. d4 Nf6 3. Nc3 g6 4. Nf3 Bg7 5. Bc4 c6 6. Be3 Bg4 7. h3 Bxf3 8. Qxf3
Nbd7 9. g4 Nb6 10. Bb3 O-O 11. O-O-O a5 12. a4 Nbd7 13. h4 h5 14. gxh5 Nxh5 15.
Qg2 Kh7 16. Rdg1 Qe8 17. Bc4 Rh8 18. Qf3 e6 19. Rg5 Bh6 20. Rxh5 gxh5 21. Qxh5
Qf8 22. Bxh6 Qxh6+ 23. Qxh6+ Kxh6 24. d5 Ne5 25. Bb3 exd5 26. exd5 c5 27. Ne4
Rad8 28. Ng5 f6 29. Ne6 Rdg8 30. c3 Nd3+ 31. Kb1 Nxf2 32. Rf1 Rg2 33. Bc2 Rhg8
34. Ka2 Ng4 35. Bd1 Rf2 36. Rg1 f5 37. Kb3 Nf6 38. Rxg8 Nxg8 39. Nd8 Rd2 40.
Bc2 c4+ 0-1

[Event "Plzen, FSB B"]
[Site "?"]
[Date "2004.??.??"]
[Round "8.10"]
[White "Chlad, L."]
[Black "Karbusicky, O."]
[Result "1-0"]
[WhiteElo "1544"]
[BlackElo "1258"]
[PlyCount "63"]
[EventDate "2004.??.??"]
[Source "ChessBase"]
[SourceDate "1996.11.15"]

1. e4 e5 2. Nf3 Nc6 3. Bb5 a6 4. Ba4 Nf6 5. d4 b5 6. Bb3 d6 7. dxe5 Nxe5 8.
Nxe5 dxe5 9. Bxf7+ Kxf7 10. Qxd8 Bb4+ 11. Qd2 Bxd2+ 12. Nxd2 Bb7 13. f3 Rad8
14. O-O Rhf8 15. Nb3 h6 16. Bd2 c5 17. Be1 c4 18. Nd2 Nh5 19. Rf2 Nf4 20. Nf1
Rd7 21. Bc3 Ke6 22. Ne3 Rf6 23. Ng4 Rg6 24. Nxe5 Nh3+ 25. Kf1 Nxf2 26. Nxg6
Rd1+ 27. Rxd1 Nxd1 28. Bd4 c3 29. b3 a5 30. Ke2 Nb2 31. Bxc3 Kf7 32. Ne5+ 1-0